000 00476nam a2200169Ia 4500
008 220803s9999 xx 000 0 und d
020 _a0-943198-23-2
041 _aeng
082 _a720.47 HOU/JEN
100 _aHousner G W
_920032
245 _aEarthquake Design Criteria
260 _aOakland
_bEarthquake Engineering Research Institute
_c1982
300 _a127p
500 _aArchitecture
650 _aEnvironmental Architecture
_920033
700 _aJennings P.C
_920034
999 _c13532
_d13532